[Event "AUTO-MASTER-1080"]
[Site "http://www.queenalice.com/game.php?id=752916"]
[Date "2010.3.28"]
[Round "1"]
[White "kako"]
[Black "Ribar"]
[Result "0-1"]
[WhiteElo "1868"]
[BlackElo "2066"]

1. d4 Nf6 2. Nf3 g6 3. c3 Bg7 4. g3 O-O 5. Bg2 d5 6. O-O c5 7. e3 Nc6 8. dxc5 a5
9. a4 e6 10. Nd4 Nd7 11. Nb3 Qe7 12. N1d2 Nxc5 13. Nxc5 Qxc5 14. Nb3 Qe7 15. e4
dxe4 16. Bxe4 Rd8 17. Qe2 Bd7 18. Be3 Be8 19. Bc5 Qc7 20. Be3 Ne5 21. Nc1 Nc4
22. Bg5 Rdc8 23. Ra2 Nb6 24. Bc2 Bc6 25. Be4 Bxa4 26. Qf3 Bc6 27. Nb3 Bxe4 28.
Qxe4 Nc4 29. Rd1 h6 30. Bf4 Qc6 31. Qxc6 Rxc6 32. Bc1 b5 33. Kg2 a4 34. Nd2 Rd8
35. Kg1 Rcd6 36. Kg2 Nxd2 37. Bxd2 Rxd2 38. Rc1 Bf8 39. Rb1 Bc5 40. Rf1 Rc2 41.
Kh3 Rdd2 42. Kg4 Rxf2 43. Rxf2 Rxf2 44. Kh3 Rc2 45. Ra1 Rxb2 46. c4 a3 47. Rd1
bxc4 48. Rd8+ Kg7 49. Rc8 a2 0-1

[Event "AUTO-MASTER-1080"]
[Site "http://www.queenalice.com/game.php?id=752917"]
[Date "2010.3.28"]
[Round "1"]
[White "Ribar"]
[Black "kako"]
[Result "1-0"]
[WhiteElo "2057"]
[BlackElo "1877"]

1. c4 c5 2. Nc3 d6 3. Nf3 Nf6 4. g3 g6 5. Bg2 Bg7 6. O-O O-O 7. d3 Nc6 8. a3 a6
9. Rb1 e5 10. b4 cxb4 11. axb4 Ng4 12. h3 Nh6 13. b5 axb5 14. Nxb5 Nf5 15. Nc3
Rb8 16. Nd5 h6 17. Ba3 Nce7 18. Nxe7+ Qxe7 19. Rb6 Rd8 20. Qb3 Qe8 21. Bxd6 Nxd6
22. Nd2 Rd7 23. c5 Nf5 24. Bc6 Nd4 25. Bxd7 Qxd7 26. Qd1 Qxh3 27. Nf3 Bd7 28. e3
Bg4 29. exd4 exd4 30. c6 Be5 31. Qe2 f6 32. cxb7 g5 33. Qa2+ Kg7 34. Nh2 Bf5 35.
Rd1 Bg6 36. Qe2 Bf7 37. Qf1 Qd7 38. Rdb1 Bd5 39. f4 Bd6 40. fxg5 hxg5 41. Kf2
Bxb7 42. Nf3 Bc5 43. R6b5 Qd5 44. Qe2 Qc6 45. g4 Ba7 46. Qe7+ Kg6 47. Rxb7 1-0

[Event "AUTO-MASTER-1080"]
[Site "http://www.queenalice.com/game.php?id=752918"]
[Date "2010.3.28"]
[Round "1"]
[White "kako"]
[Black "afonso092"]
[Result "0-1"]
[WhiteElo "1886"]
[BlackElo "1966"]

1. d4 d5 2. Bf4 Bf5 3. Nc3 e6 4. Nb5 Na6 5. a3 c6 6. Nc3 Nc7 7. g3 Nf6 8. Bg2 h6
9. Bd2 Be7 10. Nf3 Bd6 11. Nh4 Bh7 12. O-O O-O 13. Nf3 Ne4 14. Nxe4 Bxe4 15. c3
f5 16. e3 Ne8 17. Qe2 c5 18. c4 cxd4 19. Nxd4 Qe7 20. cxd5 exd5 21. b4 Bxg2 22.
Kxg2 Qe4+ 23. Nf3 Nf6 24. Rg1 Rac8 25. Rac1 Rc6 26. Rxc6 bxc6 27. Re1 Re8 28.
Kg1 g5 29. Nd4 c5 30. bxc5 Bxc5 0-1

[Event "AUTO-MASTER-1080"]
[Site "http://www.queenalice.com/game.php?id=752919"]
[Date "2010.3.28"]
[Round "1"]
[White "afonso092"]
[Black "kako"]
[Result "1-0"]
[WhiteElo "1979"]
[BlackElo "1873"]

1. e4 e5 2. Bc4 Nf6 3. d3 Bc5 4. h3 c6 5. Bg5 Be7 6. Nf3 d6 7. O-O O-O 8. Nc3
Nbd7 9. a3 b5 10. Ba2 Rb8 11. Ne2 d5 12. Bxf6 Bxf6 13. exd5 cxd5 14. Bxd5 Nb6
15. Bb3 Bf5 16. Ng3 Bd7 17. Re1 Re8 18. c3 Qc7 19. Ne4 Be7 20. Nfg5 Bxg5 21.
Nxg5 Be6 22. Bxe6 fxe6 23. Qh5 g6 24. Qe2 Nd7 25. Qg4 Nf8 26. Ne4 Nd7 27. Qg5
Rf8 28. h4 Rf7 29. Ng3 Rg7 30. Re2 a5 31. Ne4 1-0

[Event "AUTO-OPEN-1936"]
[Site "http://www.queenalice.com/game.php?id=756443"]
[Date "2010.4.4"]
[Round "1"]
[White "kako"]
[Black "KAXY"]
[Result "1-0"]
[WhiteElo "1872"]
[BlackElo "1658"]

1. d4 d5 2. Bf4 h6 3. Nc3 e6 4. a3 Bd6 5. Bxd6 cxd6 6. g3 Bd7 7. Bg2 Nf6 8. Nf3
Nc6 9. e3 O-O 10. O-O e5 11. dxe5 dxe5 12. Qe2 d4 13. exd4 exd4 14. Ne4 Nxe4 15.
h3 Nf6 16. Rac1 Re8 17. Qd3 Qb6 18. b3 1-0

[Event "AUTO-OPEN-1936"]
[Site "http://www.queenalice.com/game.php?id=756444"]
[Date "2010.4.4"]
[Round "1"]
[White "KAXY"]
[Black "kako"]
[Result "0-1"]
[WhiteElo "1651"]
[BlackElo "1879"]

1. d4 d5 2. e3 Nc6 3. Bb5 Bd7 4. Bxc6 Bxc6 5. Bd2 Nf6 6. Ne2 g6 7. Nbc3 Bg7 8.
h4 e6 9. Ng3 Qd7 10. h5 gxh5 11. Nxh5 Nxh5 12. Rxh5 O-O-O 13. Qg4 Rdg8 14. Rg5
f5 15. Qf4 b6 16. b3 Qf7 17. Na4 h5 18. O-O-O Bxa4 0-1

[Event "AUTO-OPEN-1936"]
[Site "http://www.queenalice.com/game.php?id=756445"]
[Date "2010.4.4"]
[Round "1"]
[White "kako"]
[Black "LEOKnopp"]
[Result "1-0"]
[WhiteElo "1870"]
[BlackElo "1406"]

1. d4 d5 2. Bf4 Nc6 3. Nf3 Bf5 4. a3 Nf6 5. Nc3 e6 6. Nb5 e5 7. Nxe5 Nxd4 8.
Qxd4 c6 9. Nc3 c5 10. Qa4+ Nd7 11. Nxd5 Bd6 12. e4 Bxe4 13. Qxe4 Qa5+ 14. Bd2
Qd8 15. Nc6+ Kf8 16. Nxd8 Rxd8 17. O-O-O Re8 18. Qf3 Ne5 19. Qc3 b5 20. Bxb5 Ng4
21. Bxe8 Nxf2 22. Rde1 Nxh1 23. Qf3 f6 24. Nxf6 Be7 25. Nd5+ Kxe8 26. Rxe7+ Kd8
27. Ba5+ Kc8 28. Rxa7 Kb8 29. Qf7 Rc8 30. Qb7# 1-0

[Event "AUTO-OPEN-1936"]
[Site "http://www.queenalice.com/game.php?id=756446"]
[Date "2010.4.4"]
[Round "1"]
[White "LEOKnopp"]
[Black "kako"]
[Result "0-1"]
[WhiteElo "1419"]
[BlackElo "1871"]

1. e4 e5 2. Nf3 Nc6 3. Nc3 Nf6 4. g3 Bc5 5. Bh3 d6 6. g4 Be6 7. d3 Bxg4 8. Ng5
Bxd1 9. Kxd1 h6 10. Nf3 Bxf2 11. Rf1 Bc5 12. Nh4 Nd4 13. Be3 Qe7 14. Nf5 Nxf5
15. Bxf5 Bxe3 16. Rf3 Bd4 17. Nd5 Nxd5 18. h4 Qxh4 19. exd5 Qh1+ 20. Ke2 Qg2+
21. Rf2 Qxf2+ 0-1

[Event "AUTO-OPEN-1936"]
[Site "http://www.queenalice.com/game.php?id=756447"]
[Date "2010.4.4"]
[Round "1"]
[White "kako"]
[Black "juanluciano"]
[Result "0-1"]
[WhiteElo "1818"]
[BlackElo "1920"]

1. d4 d5 2. Bf4 Nf6 3. Nc3 c6 4. g3 e6 5. a3 Bd6 6. Bg5 Nbd7 7. Bg2 O-O 8. Nf3
a6 9. O-O c5 10. dxc5 Bxc5 11. e3 h6 12. Bxf6 Nxf6 13. b4 Ba7 14. Ne5 b5 15. Qf3
Qc7 16. e4 d4 17. Ng4 Nxg4 18. Nxb5 Ne5 19. Nxc7 Nxf3+ 0-1

[Event "AUTO-OPEN-1936"]
[Site "http://www.queenalice.com/game.php?id=756448"]
[Date "2010.4.4"]
[Round "1"]
[White "juanluciano"]
[Black "kako"]
[Result "1-0"]
[WhiteElo "1906"]
[BlackElo "1861"]

1. e4 e5 2. Nf3 Nc6 3. d4 exd4 4. Bc4 Bc5 5. c3 dxc3 6. Bxf7+ Kxf7 7. Qd5+ Ke8
8. Qh5+ g6 9. Qxc5 d6 10. Qxc3 Nf6 11. O-O h6 12. Re1 Be6 13. Nd4 Nxd4 14. Qxd4
Rh7 15. Nc3 b6 16. Bf4 Nd7 17. Qa4 Qb8 18. Rac1 Qb7 19. Qc2 Ne5 20. Bxe5 1-0

[Event "QA-ANNIV-05"]
[Site "http://www.queenalice.com/game.php?id=758917"]
[Date "2010.4.10"]
[Round "4"]
[White "kako"]
[Black "Wenderson"]
[Result "1/2-1/2"]
[WhiteElo "1869"]
[BlackElo "1894"]

1. d4 d5 2. Bf4 Nf6 3. Nc3 e6 4. e3 Bb4 5. Ne2 O-O 6. Bg5 Nbd7 7. g3 c5 8. dxc5
Nxc5 9. Bg2 Nce4 10. Bf4 Bxc3+ 11. bxc3 Nxc3 12. Nxc3 Qa5 13. Qd2 Ne4 14. Bxe4
dxe4 15. O-O Rd8 16. Qe1 f6 17. g4 e5 18. Bg3 Bxg4 19. Nxe4 Qd5 20. Qb4 Bf5 21.
f3 Rac8 22. Rf2 Rc4 23. Qe7 Bg6 24. Rd2 Re8 25. Qxe8+ Bxe8 26. Rxd5 Rxc2 27. Rd8
Kf7 28. a3 Bc6 29. Nd2 Ke7 30. Rd3 Bb5 31. Rd5 Bc6 32. Rd3 Bb5 33. Rd5 Bc6 34.
Rd3 1/2-1/2

[Event "Challenge"]
[Site "http://www.queenalice.com/game.php?id=765033"]
[Date "2010.4.23"]
[Round "-"]
[White "Vanessahermosa"]
[Black "kako"]
[Result "0-1"]
[WhiteElo "1363"]
[BlackElo "1875"]

1. e4 e5 2. Bc4 Nf6 3. Qf3 Be7 4. b3 d6 5. Qg3 Nbd7 6. Qxg7 Rf8 7. Nf3 c6 8. Ng5
d5 9. exd5 cxd5 10. Bb5 Qb6 11. Bd3 e4 12. Be2 Ne5 13. Bb2 Qc7 14. Nf3 exf3 15.
gxf3 Rg8 16. Qh6 Be6 17. Nc3 O-O-O 18. Bf1 Nxf3+ 19. Kd1 Ng4 20. Qh3 Nxf2+ 0-1

[Event "AUTO-OPEN-1810"]
[Site "http://www.queenalice.com/game.php?id=772277"]
[Date "2010.5.7"]
[Round "2"]
[White "kako"]
[Black "somar96"]
[Result "0-1"]
[WhiteElo "1759"]
[BlackElo "2024"]

1. d4 Nf6 2. Bf4 c5 3. d5 Qb6 4. b3 Rg8 5. c3 g5 6. Bxb8 Rxb8 7. e3 d6 8. c4 h5
9. Bd3 Bd7 10. Nf3 g4 0-1

[Event "AUTO-OPEN-1810"]
[Site "http://www.queenalice.com/game.php?id=772279"]
[Date "2010.5.7"]
[Round "2"]
[White "kako"]
[Black "ycodark"]
[Result "1-0"]
[WhiteElo "1758"]
[BlackElo "1656"]

1. d4 Nf6 2. Bf4 d5 3. Nc3 e6 4. Nf3 Bb4 5. Bd2 O-O 6. a3 Ba5 7. b4 Bb6 8. g3
Nc6 9. e3 a6 10. Bd3 Bd7 11. O-O Qe7 12. Ne5 1-0

[Event "AUTO-OPEN-1810"]
[Site "http://www.queenalice.com/game.php?id=772280"]
[Date "2010.5.7"]
[Round "2"]
[White "ycodark"]
[Black "kako"]
[Result "0-1"]
[WhiteElo "1669"]
[BlackElo "1745"]

1. e4 e5 2. Nf3 Nc6 3. Bc4 Be7 4. d4 exd4 5. Nxd4 Nf6 6. Nc3 Nxd4 7. Qxd4 O-O 8.
O-O c5 9. Qd3 d6 10. Bg5 Nh5 11. Bxe7 Qxe7 0-1

[Event "QA-ANNIV-06"]
[Site "http://www.queenalice.com/game.php?id=790900"]
[Date "2010.6.16"]
[Round "1"]
[White "kako"]
[Black "marcoswerneck"]
[Result "0-1"]
[WhiteElo "1806"]
[BlackElo "1796"]

1. d4 d5 2. Bf4 e6 3. a3 Bd6 4. Nh3 h6 5. Bxd6 Qxd6 6. g3 g5 7. Bg2 Nf6 8. e3
Bd7 9. Nc3 Rg8 10. e4 dxe4 11. Nxe4 Nxe4 12. Bxe4 Nc6 13. c3 O-O-O 14. Qa4 Kb8
15. O-O-O f5 16. Bg2 f4 17. Rhe1 h5 18. Rd3 Ne5 19. Qb3 Nxd3+ 20. Kb1 Bc6 21.
Bxc6 Qxc6 22. Re2 Qg2 23. Qc2 Nxb2 24. Nxg5 Rxg5 25. Kxb2 fxg3 26. hxg3 Rb5+ 27.
Ka2 Re8 28. c4 Rb6 29. Qd3 Qc6 30. c5 Qd5+ 31. Ka1 Rb3 32. Qg6 Rxa3+ 33. Kb1
Qb3+ 34. Kc1 Rd8 35. Qxe6 Ra1+ 0-1

[Event "QA-ANNIV-05"]
[Site "http://www.queenalice.com/game.php?id=793693"]
[Date "2010.6.23"]
[Round "5"]
[White "arkadiusz42"]
[Black "kako"]
[Result "1-0"]
[WhiteElo "1520"]
[BlackElo "1790"]

1. e4 e5 2. Qh5 Qf6 3. Nc3 g6 4. Qf3 Qc6 5. Nd5 Bg7 6. c3 Nf6 7. c4 Nxd5 8. exd5
Qd6 9. b3 O-O 10. a4 e4 11. Qe3 Bxa1 12. d4 Re8 13. f3 Qf6 14. fxe4 Bxd4 15. Qd2
Bc3 16. Bd3 1-0